Szczegóły MARC21

Język ukraiński - współczesność, historia = Ukraïns'ka mova - sučasnìst', ìstorìâ /

003 -Nazwa inst., której nr kontr. jest w polu 001 [,]
    • @
    • Nazwa instytucji, której n kontrolny jest w polu 001
    • NUKAT
005 -DATA I CZAS OSTATNIEJ MODYFIKACJI [,]
    • @
    • pole kontrolne
    • 20241231105506.0
020 -Międzynarod. znormalizowany nr książki - ISBN [ , ]
    • a
    • Numer ISBN
    • 8385854789 Find
040 -Instytucja sporządzająca opis [ , ]
    • a
    • Instytucja, która sporządziła opis (NP)
    • LUBL KUL/MC
    • b
    • Język katalogowania
    • pol
    • e
    • Zasady katalogowania
    • rda
    • c
    • Instytucja, która sporządziła rekord (NP)
    • LUBL KUL/MC
    • d
    • Instytucja, która zmodyfikowała rekord (P)
    • LUBL KUL/JP
    • d
    • Instytucja, która zmodyfikowała rekord (P)
    • LUBL KUL/MCs
    • d
    • Instytucja, która zmodyfikowała rekord (P)
    • WR U/dl
    • d
    • Instytucja, która zmodyfikowała rekord (P)
    • WR O/IS
    • d
    • Instytucja, która zmodyfikowała rekord (P)
    • KAT U/41BM
041 -Język dokumentu [0, ]
    • a
    • Język tekstu (P)
    • polski
    • a
    • Język tekstu (P)
    • angielski
    • a
    • Język tekstu (P)
    • ukraiński
    • b
    • Język streszczeń lub abstraktu (P)
    • angielski
942 -Rodzaj dokumentu [ , ]
    • c
    • Rodzaj dokumentu
    • Książka
245 -Strefa tytułu i oznaczenia odpowiedzialności [0,0]
    • a
    • Tytuł
    • Język ukraiński - współczesność, historia = Find
    • b
    • Ciąg dalszy tytułu (NP)
    • Ukraïns'ka mova - sučasnìst', ìstorìâ / Find
    • c
    • Pozostałe elementy strefy tytułu i oznaczenia odpowiedzialności (NP)
    • redakcja Feliks Czyżewski, Paweł Hrycenko.
246 -Wariant tytułu [3,1]
    • a
    • Tytuł (NP)
    • Ukraïns'ka mova - sučasnìst', ìstorìâ
260 -Strefa adresu wydawniczego [ , ]
    • a
    • Miejsce wydania (P)
    • Lublin :
    • b
    • Nazwa wydawcy (P)
    • Instytut Europy Środkowo-Wschodniej,
    • c
    • Data wydania (P)
    • 2003.
300 -Strefa opisu fizycznego [ , ]
    • a
    • Określenie formy książki i/lub objętość (NP)
    • 278 stron, [5] kart tablic złożonych :
    • b
    • Oznaczenie ilustracji (NP)
    • mapy ;
    • c
    • Format (NP)
    • 24 cm.
336 -Typ zawartości [ , ]
    • a
    • Termin opisujący typ zawartości
    • Tekst
    • b
    • Kod określający zawartość
    • txt
    • 2
    • Źródło (terminu i kodu)
    • rdacontent
337 -Typ mediów [ , ]
    • a
    • Tryb odtwarzania
    • Bez urządzenia pośredniczącego
    • b
    • Kod typu mediów
    • n
    • 2
    • Źródło (terminu i kodu)
    • rdamedia
338 -Typ/rodzaj nośnika [ , ]
    • a
    • Hasło opisujące typ nośnika
    • Wolumin
    • b
    • Kod typu nośnika
    • nc
    • 2
    • Źródło (terminu i kodu)
    • rdacarrier
490 -Strefa serii i książki wielotomowej - forma nie do wyszukiwania [1, ]
    • a
    • Tytuł (P)
    • Seria Wydawnicza Lubelskie Konwersatorium "Pogranicze" ; Find
    • v
    • Numeracja (P)
    • t. 4
830 -Hasło dodatkowe serii i opisu książki wielotomowej - tytuł ujednolicony/tytuł [ ,0]
    • a
    • Tytuł ujednolicony/tytuł (NP)
    • Seria Wydawnicza Lubelskiego Konwersatorium "Pogranicze"
    • v
    • Oznaczenie tomu (NP)
    • t. 4
    • 9
    • KHW
    • 477402
500 -Uwaga ogólna [ , ]
    • a
    • Uwaga ogólna (NP)
    • Referaty z konferencji "Język ukraiński: współczesność - historia" Włodawa 2002.
504 -Uwaga dot. bibliogr. załącznikowej [ , ]
    • a
    • Uwaga dot. bibliografii załącznikowej
    • Bibliografia przy niektórych rozdziałach.
546 -Uwaga dot. języka [ , ]
    • a
    • Uwaga dot. języka
    • Wstęp również angielski, tekst częściowo polski, częściowo ukraiński.
546 -Uwaga dot. języka [ , ]
    • a
    • Uwaga dot. języka
    • Streszczenie angielskie.
080 -Uniwersalna Klasyfikacja Dziesiętna [ , ]
    • 2
    • Identyfikator wydania tablic
    • UDC-P058
    • a
    • Symbol klasyfikacji
    • 811.161.2
    • b
    • Dopowiedzenie
    • Język ukraiński.
    • x
    • Poddział wspólny
    • (061)
    • b
    • Dopowiedzenie
    • (Materiały konferencyjne).
    • x
    • Poddział wspólny
    • =162.1
    • b
    • Dopowiedzenie
    • Język polski.
    • x
    • Poddział wspólny
    • =161.2
    • b
    • Dopowiedzenie
    • Język ukraiński
650 -Hasło przedmiotowe [ ,7]
    • a
    • Hasło przedmiotowe
    • Język ukraiński
    • v
    • Określnik formalny
    • konferencje.
    • 2
    • Źródło terminu
    • kaba
    • 9
    • KHW
    • 572675
980 -Symbol UKD [ , ]
    • a
    • UKD
    • 811.161.2(061)=162.1=161.2
700 -Hasło dodatkowe - nazwa osobowa [1, ]
    • a
    • Nazwa osobowa (NP)
    • Czyżewski, Feliks Find
    • d
    • Daty biograficzne (NP)
    • (1949- ).
    • e
    • Określenie rodzaju współpracy
    • Redakcja
    • 9
    • KHW
    • 400619
700 -Hasło dodatkowe - nazwa osobowa [1, ]
    • a
    • Nazwa osobowa (NP)
    • Gricenko, Pavlo Ûhimovič Find
    • d
    • Daty biograficzne (NP)
    • (1950- ).
    • e
    • Określenie rodzaju współpracy
    • Redakcja
    • 9
    • KHW
    • 572459
710 -Hasło dodatkowe - nazwa ciała zbiorowego [2, ]
    • a
    • Nazwa ciała zbiorowego lub nazwa geograficzna jako pierwszy element (NP)
    • Instytut Europy Środkowo-Wschodniej (2002-2018).
    • e
    • Rodzaj współpracy
    • Wydawca
    • 4
    • Kod relacji
    • pbl
    • 9
    • KHW
    • 82698
920 -ISBN [ , ]
    • a
    • ISBN
    • 83-85854-78-9 Find
Sygnatura Data inwentaryzacji Lokalizacja Status udost. Numer inwentarzowy
UKR. Językoznawstwo 062008-07-14BM1P.21218
 2023-06-15BM-3BJM.2147